| 000 | 00672cam a2200169K 4500 | ||
|---|---|---|---|
| 082 | 0 | 4 |
_a943 _bGER |
| 100 | 1 |
_aGerard, James Watson, _950620 |
|
| 245 | 1 | 0 |
_aMy four years in Germany _cby James W. Gerard, late ambassador to the German imperial court ... |
| 260 |
_aLondon, _aNew York [etc.] _bHodder and Stoughton, _c1917. |
||
| 300 |
_a1 online resource (xiv p., 1 l., 320 p.) _bplates, facsims. (1 fold.) |
||
| 500 | _aFacsimiles also on lining-papers. | ||
| 526 |
_a0 _b0 _c0 _d943_000000000000000_GER |
||
| 650 | 0 |
_aMCE _9379 |
|
| 650 | 0 |
_aWorld War, 1914-1918 _zGermany. _949428 |
|
| 856 | 4 | 0 | _uhttp://catalog.hathitrust.org/api/volumes/oclc/3283092.html |
| 942 |
_2ddc _cBK |
||
| 999 |
_c553374 _d553374 |
||